Statistics for Arturo Merino Benítez Int. Airport Destinations (Santiago, Chile)

Click here to take the quiz!

General Stats

  • This quiz has been taken 31 times
    (10 since last reset)
  • The average score is 50 of 64

Answer Stats

AirlineDestination% Correct
KLMAmsterdam
100%
LATAM ParaguayAsuncion
100%
Delta Air LinesAtlanta
100%
Avianca/JetSmart Chile/LATAM Chile/Sky AirlineBogota
100%
Aerolineas Argentinas/JetSmart Argentina/LATAM Chile/Sky AirlineBuenos Aires (Aeroparque)
100%
JetSmart Argentina/JetSmart Chile/KLM/LATAM Chile/Sky AirlineBuenos Aires (Ezeiza)
100%
LATAM ChileCancun
100%
LATAM PeruCusco
100%
American AirlinesDallas/Fort Worth
100%
LATAM EcuadorGuayaquil
100%
JetSmart Chile/LATAM Chile/LATAM Peru/Sky AirlineLima
100%
British AirwaysLondon (Heathrow)
100%
Iberia/LATAM ChileMadrid
100%
JetSmart ChileMedellin (JMC)
100%
Aerolineas Argentinas/JetSmart Argentina/LATAM Brasil/LATAM Chile/Sky AirlineMendoza
100%
American Airlines/LATAM ChileMiami
100%
JetSmart Chile/LATAM Chile/Sky AirlineMontevideo
100%
Air France/LATAM ChileParis (Charles de Gaulle)
100%
JetSmart Chile/LATAM Chile/Sky AirlineRio de Janeiro (Galeao)
100%
Sky AirlineSalvador da Bahia
100%
JetSmart Chile/LATAM Brasil/LATAM Chile/Sky AirlineSao Paulo (Guarulhos)
100%
LATAM Chile/QantasSydney
100%
Air CanadaToronto (Pearson)
100%
JetSmart Chile/LATAM Chile/Sky AirlineAntofagasta
86%
LATAM ChileAuckland
86%
LevelBarcelona
86%
JetSmart ChileCali
86%
Aerolineas EstelarCaracas
86%
LATAM ChileCordoba (AR)
86%
United AirlinesHouston (Intercontinental)
86%
JetSmart Chile/LATAM Chile/Sky AirlineIquique
86%
LATAM ChileLa Paz
86%
LATAM ChileLos Angeles
86%
LATAM ChileMelbourne
86%
Aeromexico/LATAM ChileMexico City
86%
LATAM ChileNew York (JFK)
86%
Copa AirlinesPanama City (Tocumen)
86%
LATAM Chile/Sky AirlinePorto Alegre
86%
JetSmart Chile/LATAM Chile/Sky AirlinePuerto Montt
86%
JetSmart Chile/LATAM Chile/Sky AirlinePunta Arenas
86%
LATAM ChileSanta Cruz de la Sierra (Viru Viru)
86%
JetSmart Chile/LATAM Chile/Sky AirlineTemuco
86%
JetSmart Chile/LATAM Chile/Sky AirlineArica
71%
LATAM Chile/Sky AirlineBelo Horizonte (Confins)
71%
LATAM Brasil/Sky AirlineBrasilia
71%
JetSmart Chile/LATAM Chile/Sky AirlineConcepcion
71%
LATAM ChileEaster Island
71%
LATAM Chile/Sky AirlineFlorianopolis
71%
LATAM ChileOrlando
71%
LATAM ChilePunta Cana
71%
ArajetSanto Domingo (Las Americas)
71%
JetSmart Chile/LATAM Chile/Sky AirlineValdivia
71%
LATAM ChileCuritiba
57%
JetSmart ChileFoz do Iguacu
57%
Sky AirlineAruba
43%
JetSmart Chile/LATAM Chile/Sky AirlineCopiapo
43%
JetSmart Chile/LATAM Chile/Sky AirlineLa Serena
43%
JetSmart Chile/LATAM Chile/Sky AirlineCalama
29%
JetSmart Chile/LATAM Chile/Sky AirlineCastro
29%
LATAM Chile/Sky AirlineOsorno
29%
JetSmart Chile/LATAM Chile/Sky AirlineCoyhaique
14%
JetSmart Chile/LATAM Chile/Sky AirlinePuerto Natales
14%
Sky AirlineSan Carlos de Bariloche
14%
JetSmart ChileTrujillo
14%

Score Distribution

Percentile by Number Answered

Percent of People with Each Score

Your Score History

You have not taken this quiz since the last reset